[Event "Campeonato Pan-Americano Sub-20 Absoluto"]
[Site "CXSP, São Paulo"]
[Date "2012.07.03"]
[Round "8.12"]
[White "Goncalves, Leonardo Yamamoto Po"]
[Black "Finol Berrueta, David Emmanuel"]
[Result "0-1"]
[WhiteElo "1848"]
[BlackElo "2210"]
[PlyCount "78"]
[EventDate "2012.06.29"]

1. c3 f5 2. d3 Nf6 3. Nf3 e6 4. Nbd2 Bc5 5. e4 fxe4 6. Nxe4 Nxe4 7. dxe4 O-O 8.
Bd3 Nc6 9. O-O Qf6 10. Kh1 d6 11. Ng5 Ne5 12. f4 Nxd3 13. Qxd3 Bd7 14. b4 Bb6
15. e5 Qf5 16. Qxf5 Rxf5 17. a4 a5 18. exd6 cxd6 19. b5 d5 20. Nf3 Bc7 21. Nd4
Rf6 22. Bd2 Raf8 23. g3 e5 24. Ne2 Bg4 25. Rac1 g5 26. f5 Bxf5 27. Be3 Be4+ 28.
Kg1 Rxf1+ 29. Rxf1 Rxf1+ 30. Kxf1 Bc2 31. c4 d4 32. Bxg5 Bxa4 33. Nc1 Bc2 34.
c5 b6 35. cxb6 Bxb6 36. Bf6 e4 37. Ke1 Kf7 38. Bg5 Ba4 39. Bd2 e3 0-1

[Event "Campeonato Pan-Americano Sub-20 Absoluto"]
[Site "CXSP, São Paulo"]
[Date "2012.07.03"]
[Round "8.13"]
[White "Quintiliano Pinto, Renato R"]
[Black "Vasconcelos, Paulo Cesar Da S"]
[Result "1-0"]
[WhiteElo "2272"]
[BlackElo "1842"]
[PlyCount "49"]
[EventDate "2012.06.29"]

1. c4 e5 2. g3 Nf6 3. Bg2 c6 4. d4 d6 5. Nc3 Nbd7 6. e4 exd4 7. Qxd4 Qb6 8. Qd2
h5 9. h3 Ne5 10. b3 c5 11. Nge2 g6 12. f4 Nc6 13. Bb2 Rg8 14. Nb5 Nd7 15. Nxd6+
Bxd6 16. Qxd6 Nb4 17. Qd2 Nf8 18. a3 Nc6 19. Nc3 Qxb3 20. Nd5 Qxg3+ 21. Kf1 Ne6
22. Nf6+ Kf8 23. Qd6+ Ne7 24. Rd1 a5 25. Nd5 1-0

[Event "Campeonato Pan-Americano Sub-20 Absoluto"]
[Site "CXSP, São Paulo"]
[Date "2012.07.03"]
[Round "8.14"]
[White "Mamani, Joan Franco"]
[Black "Gotz, Klaus Seiji Furucho"]
[Result "1-0"]
[WhiteElo "2157"]
[BlackElo "1975"]
[PlyCount "111"]
[EventDate "2012.06.29"]

1. e4 c5 2. Ne2 g6 3. g3 Nc6 4. Bg2 Bg7 5. c3 e6 6. d4 cxd4 7. cxd4 d5 8. exd5
exd5 9. Nbc3 Nge7 10. O-O O-O 11. Bg5 Be6 12. Qd2 Qd7 13. Bh6 Bh3 14. Bxg7 Kxg7
15. Nf4 Bxg2 16. Kxg2 Rad8 17. Rfe1 Qc7 18. Rad1 Qa5 19. g4 h6 20. Re3 Ng8 21.
Nfe2 b5 22. a3 b4 23. axb4 Qxb4 24. Rh3 Rfe8 25. Nf4 Nce7 26. Re1 Rb8 27. Re2
Qd6 28. Re5 Qb4 29. Re2 Qd6 30. Re5 Qb4 31. Nfxd5 Nxd5 32. Rxd5 Qxb2 33. Qf4
Qb7 34. Rf3 Rbc8 35. Rc5 Qd7 36. Rxc8 Rxc8 37. d5 Rd8 38. h3 Qe7 39. Qd4+ f6
40. Ne4 Re8 41. Nc5 Qe5 42. Qd3 Ne7 43. Re3 Qd6 44. Qd4 Nxd5 45. Rxe8 Nf4+ 46.
Qxf4 Qxf4 47. Ne6+ Kf7 48. Nxf4 Kxe8 49. Nxg6 a5 50. Nf4 a4 51. Ne2 Kd7 52. Kf3
Kd6 53. Ke4 a3 54. Nc1 Kc5 55. Kd3 Kb4 56. Kd4 1-0

[Event "Campeonato Pan-Americano Sub-20 Absoluto"]
[Site "CXSP, São Paulo"]
[Date "2012.07.03"]
[Round "8.15"]
[White "Vizzotto, Bernardo"]
[Black "Caetano, Hugo Zanotti Mendonc"]
[Result "0-1"]
[WhiteElo "2006"]
[BlackElo "2047"]
[PlyCount "102"]
[EventDate "2012.06.29"]

1. e4 c5 2. Nf3 Nc6 3. Bb5 e6 4. O-O Nge7 5. Re1 a6 6. Bf1 d5 7. exd5 Nxd5 8.
c3 Be7 9. d4 cxd4 10. cxd4 O-O 11. Nc3 Bf6 12. Bc4 Nb6 13. Bd3 Nxd4 14. Nxd4
Bxd4 15. Ne4 h6 16. Qh5 f5 17. Nc3 Bxc3 18. bxc3 Qxd3 19. Bxh6 Qd7 20. Re3 Qf7
21. Qh3 f4 22. Re5 gxh6 23. Qxh6 Qf6 24. Rg5+ Kf7 25. Qh5+ Ke7 26. Rg6 Qf5 27.
Qh4+ Kd6 28. Rd1+ Nd5 29. Rg5 Qc2 30. Qg4 Qxc3 31. Qh5 Qf6 32. h4 Qf7 33. Qh6
Qf6 34. Qh5 Kc7 35. Rg6 Qf5 36. Qh7+ Rf7 37. Rc1+ Kb8 38. Qh8 Ka7 39. Rg8 Nb6
40. Rg5 Qf6 41. Qh5 Bd7 42. Rb1 Bc6 43. a4 Bxa4 44. Ra5 Rc8 45. Qf3 Qc3 46. Qh5
Rf5 47. Rxf5 exf5 48. Qg6 Qc6 49. Qg7 f3 50. h5 Rc7 51. Qg5 Qd5 0-1

[Event "Campeonato Pan-Americano Sub-20 Absoluto"]
[Site "CXSP, São Paulo"]
[Date "2012.07.03"]
[Round "8.21"]
[White "Garkauskas, Otto Dmitry"]
[Black "Awoki, Daniel Teidi"]
[Result "1-0"]
[WhiteElo "2086"]
[BlackElo "1907"]
[PlyCount "59"]
[EventDate "2012.06.29"]

1. d4 d5 2. c4 e6 3. Nc3 c6 4. e3 Nf6 5. b3 Nbd7 6. Bb2 Bd6 7. Nf3 O-O 8. Bd3
Re8 9. O-O e5 10. dxe5 Nxe5 11. Nxe5 Bxe5 12. h3 Bc7 13. Ne2 Qd6 14. Ng3 b6 15.
cxd5 Nxd5 16. Bc4 Nb4 17. Qf3 Qg6 18. Nh5 Be5 19. Nf4 Qf6 20. Bxe5 Rxe5 21. a3
Nd5 22. Bxd5 cxd5 23. Rfd1 Bb7 24. Rd4 Re4 25. Rad1 Rd8 26. Qxe4 Kh8 27. Nxd5
Qg5 28. Qe7 h6 29. Qxg5 hxg5 30. Nb4 1-0

[Event "Campeonato Pan-Americano Sub-20 Absoluto"]
[Site "CXSP, São Paulo"]
[Date "2012.07.03"]
[Round "8.22"]
[White "Takeda, Lucas Koji"]
[Black "Branchini, Fernando Luis Sakamo"]
[Result "1/2-1/2"]
[WhiteElo "1902"]
[BlackElo "1972"]
[PlyCount "76"]
[EventDate "2012.06.29"]

1. d4 d5 2. Nf3 Nf6 3. c4 e6 4. cxd5 exd5 5. Bg5 Be7 6. e3 c6 7. Bd3 Ne4 8.
Bxe7 Qxe7 9. Qc2 O-O 10. O-O Bf5 11. Nc3 Nd7 12. Nd2 Rfe8 13. Rae1 Bg6 14. f3
Nxd2 15. Qxd2 f5 16. Nd1 a5 17. Nf2 Qf6 18. Nh3 Nf8 19. Kh1 Ne6 20. f4 b6 21.
Be2 Red8 22. Bf3 Bf7 23. b4 axb4 24. Qxb4 Rxa2 25. Qxb6 Be8 26. Rf2 Rda8 27.
Rxa2 Rxa2 28. Qb3 Ra5 29. Qb8 Qd8 30. Qe5 Qf6 31. Qxf6 gxf6 32. Rb1 Ra3 33. Re1
Nc7 34. Kg1 Nb5 35. Kf2 Nd6 36. Re2 Nc4 37. g4 fxg4 38. Bxg4 Nd6 1/2-1/2

[Event "Campeonato Pan-Americano Sub-20 Absoluto"]
[Site "CXSP, São Paulo"]
[Date "2012.07.03"]
[Round "8.23"]
[White "Stone, Ronnie Frank Pires"]
[Black "Araujo, Renan Aparecido"]
[Result "1/2-1/2"]
[WhiteElo "1946"]
[BlackElo "1878"]
[PlyCount "109"]
[EventDate "2012.06.29"]

1. e4 c5 2. Nf3 d6 3. d4 cxd4 4. Nxd4 Nf6 5. Nc3 a6 6. Be3 e5 7. Nb3 Be6 8. f3
Nbd7 9. Qd2 h5 10. O-O-O Be7 11. Kb1 Rc8 12. h3 b5 13. Qf2 Qc7 14. Bd3 b4 15.
Nd5 Bxd5 16. exd5 Ra8 17. Be4 a5 18. g4 a4 19. Nc1 a3 20. b3 Rb8 21. Nd3 Nb6
22. Bxb6 Rxb6 23. Qd2 Qb8 24. g5 Nd7 25. h4 Rb5 26. Rhf1 Nb6 27. Ne1 Na8 28.
Ng2 Rc5 29. Ne3 g6 30. Nc4 O-O 31. f4 exf4 32. Qxf4 Qc7 33. Rf3 Nb6 34. Nxb6
Qxb6 35. Rdf1 Rc7 36. Qd2 Qc5 37. Qf2 Qxf2 38. R1xf2 Kg7 39. c4 bxc3 40. Kc2 f5
41. gxf6+ Rxf6 42. Rxf6 Bxf6 43. Rg2 g5 44. hxg5 Bd4 45. g6 h4 46. Rg4 Bf6 47.
Bf5 Re7 48. Re4 Rxe4 49. Bxe4 h3 50. b4 Kf8 51. Kb3 h2 52. Bh1 Ke7 53. Kc2 Kd8
54. Kd3 Kc7 55. Bg2 1/2-1/2

[Event "Campeonato Pan-Americano Sub-20 Absoluto"]
[Site "CXSP, São Paulo"]
[Date "2012.07.03"]
[Round "8.24"]
[White "Sergio Filho, Claudio Santos"]
[Black "Oliveira, Guilherme Martins G"]
[Result "1-0"]
[WhiteElo "1920"]
[BlackElo "1729"]
[PlyCount "119"]
[EventDate "2012.06.29"]

1. e4 e5 2. Nc3 Nf6 3. g3 c6 4. d4 Bb4 5. Bg2 d5 6. dxe5 Nxe4 7. Bxe4 Bxc3+ 8.
bxc3 dxe4 9. Qxd8+ Kxd8 10. Bg5+ Ke8 11. O-O-O Nd7 12. Rd4 h6 13. Be3 f5 14.
exf6 Nxf6 15. Ra4 a6 16. Bd4 Bf5 17. Bxf6 gxf6 18. g4 Bh7 19. Ne2 b5 20. Rd4 c5
21. Rd5 Rc8 22. Rd6 Ke7 23. Rhd1 a5 24. Nf4 Rhd8 25. Rxd8 Rxd8 26. Rxd8 Kxd8
27. Ne6+ Ke7 28. Nxc5 a4 29. Kd2 Kd6 30. Nb7+ Kc7 31. Nc5 Kd6 32. Nb7+ Kc7 33.
Nc5 Kd6 34. Na6 Bg8 35. a3 Kd5 36. Nc7+ Ke5 37. Nxb5 Kf4 38. h3 Kf3 39. Nd6 Bd5
40. c4 Bc6 41. Ke1 Kg2 42. h4 Kh3 43. Nf5 Kxg4 44. Nxh6+ Kxh4 45. Nf5+ Kg4 46.
Ne7 Bd7 47. c5 Kf4 48. c6 Bh3 49. c7 Ke5 50. c8=Q Bxc8 51. Nxc8 Kd4 52. Kd2 Kc4
53. Nb6+ Kb5 54. Nd5 f5 55. Ne7 f4 56. Nd5 e3+ 57. fxe3 fxe3+ 58. Nxe3 Kc5 59.
Kc3 Kb5 60. Kd4 1-0

[Event "Campeonato Pan-Americano Sub-20 Absoluto"]
[Site "CXSP, São Paulo"]
[Date "2012.07.03"]
[Round "8.26"]
[White "Jonas, Tiago Filipe Da Silv"]
[Black "De Carvalho Machado, Fernando"]
[Result "1-0"]
[WhiteElo "1848"]
[BlackElo "1846"]
[PlyCount "62"]
[EventDate "2012.06.29"]

1. e4 c5 2. Nf3 Nc6 3. d4 cxd4 4. Nxd4 g6 5. Nc3 Bg7 6. Be3 Nf6 7. Be2 O-O 8.
Nb3 d6 9. f4 Na5 10. g4 Be6 11. g5 Ne8 12. h4 Bc4 13. h5 Bxe2 14. Qxe2 Nxb3 15.
axb3 Qd7 16. Qh2 Qg4 17. hxg6 fxg6 18. Qxh7+ Kf7 19. f5 gxf5 20. exf5 Rh8 21.
Qg6+ Kf8 22. Rxh8+ Bxh8 23. Kd2 Qg2+ 24. Kd3 Bxc3 25. bxc3 Qd5+ 26. Bd4 Qf3+
27. Kd2 Qf4+ 28. Be3 Qe5 29. Qh6+ Qg7 30. Rh1 Kf7 31. Qe6+ Kf8 1-0

[Event "Campeonato Pan-Americano Sub-20 Absoluto"]
[Site "CXSP, São Paulo"]
[Date "2012.07.04"]
[Round "9.1"]
[White "Gemy, Jose Daniel"]
[Black "Barbosa, Evandro Amorim"]
[Result "1/2-1/2"]
[WhiteElo "2345"]
[BlackElo "2401"]
[PlyCount "81"]
[EventDate "2012.06.29"]

1. d4 Nf6 2. c4 g6 3. Nc3 d5 4. Bf4 Bg7 5. e3 O-O 6. Rc1 dxc4 7. Bxc4 Nbd7 8.
Nf3 c5 9. dxc5 Nxc5 10. O-O Be6 11. Bxe6 Nxe6 12. Be5 Qa5 13. Qa4 Qxa4 14. Nxa4
Rac8 15. Nd4 Nxd4 16. Bxd4 Ne4 17. Bxg7 Kxg7 18. f3 Nd6 19. e4 Nc4 20. Rf2 Ne3
21. Re1 Nc2 22. Rd1 Ne3 23. Re1 Nc4 24. Rc1 Ne5 25. Rfc2 Rxc2 26. Rxc2 Rd8 27.
Nc3 a6 28. Kf1 b5 29. Ke2 e6 30. f4 Nc4 31. b3 Na3 32. Rd2 Rc8 33. Kd3 b4 34.
Na4 Rc1 35. Ke3 h5 36. e5 Nb5 37. Nb2 Nc3 38. Nd3 Nd5+ 39. Kd4 Rf1 40. g3 h4
41. Kc5 1/2-1/2

[Event "Campeonato Pan-Americano Sub-20 Absoluto"]
[Site "CXSP, São Paulo"]
[Date "2012.07.04"]
[Round "9.2"]
[White "Principe, Alexander"]
[Black "Leiva, Giuseppe"]
[Result "0-1"]
[WhiteElo "2141"]
[BlackElo "2232"]
[PlyCount "66"]
[EventDate "2012.06.29"]

1. e4 c5 2. Nf3 d6 3. d4 cxd4 4. Nxd4 Nf6 5. Nc3 a6 6. Bg5 Nbd7 7. Bc4 h6 8.
Bxf6 Nxf6 9. Qe2 e6 10. O-O Qb6 11. Nb3 Be7 12. a4 O-O 13. a5 Qc7 14. Na4 Bd7
15. Nb6 Rad8 16. Nd4 Bc6 17. Bxe6 Bxe4 18. Bf5 d5 19. Bxe4 dxe4 20. Nf5 Bc5 21.
Nc4 Rd5 22. Ng3 Re8 23. Rfd1 Rg5 24. b3 Ng4 25. Rf1 h5 26. Ne3 Nxh2 27. Kxh2 h4
28. Kg1 hxg3 29. Rfe1 gxf2+ 30. Qxf2 f5 31. Qh4 Qg3 32. Qxg3 Rxg3 33. Kf2 f4
0-1

[Event "Campeonato Pan-Americano Sub-20 Absoluto"]
[Site "CXSP, São Paulo"]
[Date "2012.07.04"]
[Round "9.3"]
[White "Santiago, Yago De Moura"]
[Black "Cuellar, Diego"]
[Result "1-0"]
[WhiteElo "2347"]
[BlackElo "2269"]
[PlyCount "81"]
[EventDate "2012.06.29"]

1. Nf3 Nf6 2. c4 g6 3. Nc3 d5 4. cxd5 Nxd5 5. Qa4+ Bd7 6. Qb3 Nb6 7. d4 Bg7 8.
e4 O-O 9. Be3 Bg4 10. Rd1 N8d7 11. Be2 e6 12. h3 Bxf3 13. Bxf3 Qe7 14. O-O Rac8
15. Na4 Nxa4 16. Qxa4 a6 17. Qb3 b5 18. Rc1 Rfd8 19. d5 exd5 20. exd5 Ne5 21.
Be2 c5 22. Qa3 Qd6 23. Rxc5 Rxc5 24. Bxc5 Qxd5 25. Rd1 Qxd1+ 26. Bxd1 Rxd1+ 27.
Kh2 Nd3 28. Be3 h5 29. h4 Ne5 30. Qxa6 Ng4+ 31. Kg3 b4 32. Qa4 Nxe3 33. Qe8+
Kh7 34. Qxe3 Bxb2 35. Qb3 Be5+ 36. f4 Rc1 37. fxe5 Rc3+ 38. Kf4 Rxb3 39. axb3
Kh6 40. Ke4 g5 41. Kf5 1-0

[Event "Campeonato Pan-Americano Sub-20 Absoluto"]
[Site "CXSP, São Paulo"]
[Date "2012.07.04"]
[Round "9.4"]
[White "Martinez Alcantara, Jose Eduard"]
[Black "Chiari, Arthur Gontijo"]
[Result "1/2-1/2"]
[WhiteElo "2135"]
[BlackElo "2008"]
[PlyCount "121"]
[EventDate "2012.06.29"]

1. e4 c5 2. Nf3 d6 3. d4 cxd4 4. Nxd4 Nf6 5. Nc3 a6 6. Bc4 e6 7. O-O Be7 8. Qf3
O-O 9. Bb3 Nbd7 10. Qg3 Nc5 11. Bh6 Ne8 12. Rad1 Nxb3 13. cxb3 Bh4 14. Qg4 f5
15. exf5 exf5 16. Qh5 gxh6 17. Nd5 Ng7 18. Qxh6 Bg5 19. Qh3 Bf6 20. Qh6 Bd7 21.
Rd3 Bxd4 22. Rxd4 Bc6 23. Rfd1 Bxd5 24. Rxd5 Qf6 25. Qxf6 Rxf6 26. Rxd6 Rxd6
27. Rxd6 Re8 28. g3 Re2 29. Rb6 Re7 30. b4 Kf7 31. b5 axb5 32. Rxb5 Ke6 33.
Rb6+ Ke5 34. a4 Ne6 35. a5 Kd5 36. a6 bxa6 37. Rxa6 Nd4 38. Kg2 Rb7 39. Rh6 Ke5
40. Rh4 Nc2 41. Rh5 Rxb2 42. Rxh7 Ne3+ 43. Kh3 Rxf2 44. Re7+ Kd4 45. Rd7+ Ke4
46. Ra7 Ng4 47. Ra4+ Ke5 48. Kh4 Nxh2 49. Ra5+ Ke4 50. Ra4+ Ke3 51. Ra3+ Kd4
52. Ra4+ Ke5 53. Ra5+ Ke4 54. Ra4+ Kd5 55. Ra5+ Ke6 56. Ra6+ Ke5 57. Ra5+ Kd4
58. Ra4+ Kc3 59. Kg5 Ng4 60. Rf4 Rxf4 61. Kxf4 1/2-1/2

[Event "Campeonato Pan-Americano Sub-20 Absoluto"]
[Site "CXSP, São Paulo"]
[Date "2012.07.04"]
[Round "9.5"]
[White "Finol Berrueta, David Emmanuel"]
[Black "Torres, Juan Camilo"]
[Result "0-1"]
[WhiteElo "2210"]
[BlackElo "2337"]
[PlyCount "102"]
[EventDate "2012.06.29"]

1. e4 c5 2. c3 d5 3. exd5 Qxd5 4. d4 g6 5. Nf3 Bg7 6. dxc5 Qxc5 7. Be3 Qc7 8.
Be2 Nf6 9. O-O O-O 10. Na3 a6 11. Qa4 Nbd7 12. Rfd1 Nc5 13. Nb5 Qc6 14. Qa3 b6
15. Nbd4 Qa4 16. Qxa4 Nxa4 17. Nc6 Re8 18. Rd4 b5 19. Rd2 Ne4 20. Rc2 Bb7 21.
Na5 Bc8 22. Nd4 e5 23. Nf3 Bf5 24. Nh4 Ng3 25. Nxf5 Nxe2+ 26. Rxe2 gxf5 27. Rd1
Rad8 28. Rde1 Re6 29. Bg5 Rd3 30. Bc1 Red6 31. Kf1 Bf6 32. Nb3 Kg7 33. Re3 Rxe3
34. Rxe3 e4 35. Re1 Kg6 36. Ke2 Bg5 37. Bxg5 Kxg5 38. Rb1 Rd3 39. Nd4 Rxc3 40.
bxc3 Nxc3+ 41. Kd2 Nxb1+ 42. Kc2 Na3+ 43. Kb3 Nc4 44. a4 Nd6 45. axb5 Nxb5 46.
Nc2 f4 47. g3 fxg3 48. hxg3 Kg4 49. Ne1 h5 50. Kc4 e3 51. fxe3 Kxg3 0-1

[Event "Campeonato Pan-Americano Sub-20 Absoluto"]
[Site "CXSP, São Paulo"]
[Date "2012.07.04"]
[Round "9.8"]
[White "Henriquez Villagra, Cristobal"]
[Black "Proudian, Armen"]
[Result "0-1"]
[WhiteElo "2324"]
[BlackElo "2147"]
[PlyCount "42"]
[EventDate "2012.06.29"]

1. e4 e5 2. Nc3 Nc6 3. g3 Bc5 4. Bg2 a6 5. Nge2 d6 6. Nd5 Nge7 7. c3 O-O 8. O-O
Nxd5 9. exd5 Ne7 10. d4 exd4 11. Nxd4 Nf5 12. Nb3 Bb6 13. a4 Re8 14. a5 Ba7 15.
Qd3 Bd7 16. Bd2 Qf6 17. h4 Qg6 18. Qf3 Qxg3 19. h5 Qxf3 20. Bxf3 Nh4 21. Bd1
Bb5 0-1

[Event "Campeonato Pan-Americano Sub-20 Absoluto"]
[Site "CXSP, São Paulo"]
[Date "2012.07.04"]
[Round "9.9"]
[White "De Almeida, Heitor"]
[Black "Quintiliano Pinto, Renato R"]
[Result "0-1"]
[WhiteElo "2033"]
[BlackElo "2272"]
[PlyCount "82"]
[EventDate "2012.06.29"]

1. d4 d5 2. c4 e6 3. Nc3 c6 4. e4 dxe4 5. Nxe4 Bb4+ 6. Bd2 Qxd4 7. Bxb4 Qxe4+
8. Be2 Na6 9. Bd6 c5 10. Qd2 Bd7 11. Nf3 f6 12. O-O O-O-O 13. b4 Ba4 14. bxc5
Nxc5 15. Qb4 Na6 16. Qxa4 Rxd6 17. Rad1 Qc6 18. Qa3 Rxd1 19. Rxd1 Nh6 20. Rd6
Qc7 21. Rxe6 Nc5 22. Re3 Ng4 23. Rc3 Re8 24. Rc2 Kb8 25. h3 Ne5 26. Nd4 a6 27.
Nf5 Ne6 28. Rb2 Rd8 29. Qxa6 Nf4 30. Bf1 Rd2 31. Qb5 Nxh3+ 32. gxh3 Nf3+ 33.
Kg2 Qh2+ 34. Kxf3 Qxf2+ 35. Ke4 Rxb2 36. Qe8+ Ka7 37. Qa4+ Kb6 38. Bd3 g6 39.
c5+ Qxc5 40. Nd4 f5+ 41. Kf3 Rb4 0-1

[Event "Campeonato Pan-Americano Sub-20 Absoluto"]
[Site "CXSP, São Paulo"]
[Date "2012.07.04"]
[Round "9.10"]
[White "Gaitan, Juan Manuel"]
[Black "Mandetta, Joao Danilo"]
[Result "1-0"]
[WhiteElo "2271"]
[BlackElo "2132"]
[PlyCount "57"]
[EventDate "2012.06.29"]

1. d4 Nf6 2. c4 c5 3. d5 b5 4. cxb5 a6 5. bxa6 g6 6. Nc3 Bxa6 7. e4 Bxf1 8.
Kxf1 d6 9. h3 Bg7 10. Nge2 Nbd7 11. Kg1 O-O 12. Kh2 Qa5 13. Rb1 Rfb8 14. Qc2
Ne8 15. b3 c4 16. Be3 cxb3 17. axb3 Rc8 18. Rhc1 Qb4 19. Qd2 Nc5 20. Nd4 Bxd4
21. Qxd4 Rab8 22. Qxb4 Rxb4 23. Na2 Rbb8 24. f3 Ra8 25. Nb4 f5 26. Nc6 Kf7 27.
Bxc5 dxc5 28. Rxc5 Nf6 29. Rbc1 1-0

[Event "Campeonato Pan-Americano Sub-20 Absoluto"]
[Site "CXSP, São Paulo"]
[Date "2012.07.04"]
[Round "9.11"]
[White "Mendonca, Mateus Nakajo"]
[Black "Sztokbant, Bernardo Vainzoff"]
[Result "1-0"]
[WhiteElo "2223"]
[BlackElo "2093"]
[PlyCount "143"]
[EventDate "2012.06.29"]

1. d4 d5 2. c4 e6 3. Nc3 Be7 4. Nf3 Nf6 5. Bg5 O-O 6. e3 h6 7. Bxf6 Bxf6 8.
cxd5 exd5 9. Bd3 c6 10. O-O Nd7 11. Qc2 Re8 12. b4 Nf8 13. b5 Bd7 14. Rab1 Rc8
15. bxc6 Bxc6 16. Rfc1 Ne6 17. Qb3 Nc7 18. a4 a6 19. Na2 Qd7 20. Bc2 b5 21.
axb5 Bxb5 22. Bd3 Rb8 23. Bxb5 Rxb5 24. Qc2 Reb8 25. Rxb5 Nxb5 26. h3 Nd6 27.
Nd2 Rc8 28. Qb3 Rxc1+ 29. Nxc1 Qb5 30. Qxb5 Nxb5 31. Ndb3 Be7 32. Nd3 Nc7 33.
Kf1 Kf8 34. Ke2 Ke8 35. Kd2 Kd7 36. Na5 Nb5 37. Ne5+ Kc7 38. Kc2 f6 39. Nd3 Kb6
40. Nb3 Nc7 41. Nbc5 Kb5 42. Kb3 Bd6 43. Na4 Kc6 44. Nc3 Nb5 45. Na2 Nc7 46.
Ka4 Kb6 47. Nc3 h5 48. Nc1 Be7 49. N1e2 Bd6 50. Ng1 Kc6 51. Nf3 Nb5 52. Ne2 Nc7
53. Nh4 Ne6 54. Nf5 Bf8 55. Ka5 g6 56. Nh4 g5 57. Ng6 Ba3 58. h4 gxh4 59. Nxh4
Ng5 60. Nf4 Ne4 61. Nd3 Nd2 62. Kxa6 Kd6 63. Nf5+ Kd7 64. Kb5 Bf8 65. Ng3 h4
66. Nf5 Ne4 67. Nxh4 Ke6 68. Kc6 Bh6 69. Nc5+ Nxc5 70. Kxc5 f5 71. Ng6 Kf6 72.
Nf4 1-0

[Event "Campeonato Pan-Americano Sub-20 Absoluto"]
[Site "CXSP, São Paulo"]
[Date "2012.07.04"]
[Round "9.12"]
[White "Caetano, Hugo Zanotti Mendonc"]
[Black "Mamani, Joan Franco"]
[Result "1-0"]
[WhiteElo "2047"]
[BlackElo "2157"]
[PlyCount "63"]
[EventDate "2012.06.29"]

1. d4 d6 2. c4 Nf6 3. Nc3 Nbd7 4. e4 e5 5. d5 a5 6. f3 Be7 7. Be3 O-O 8. Qd2
Nc5 9. g4 Bd7 10. Nge2 c6 11. Bxc5 cxd5 12. Ba3 d4 13. Nb5 Ne8 14. Ng3 Bg5 15.
Qd3 Be6 16. c5 dxc5 17. Bxc5 Be7 18. Bxe7 Qxe7 19. Be2 Rc8 20. O-O Bc4 21. Qa3
Qg5 22. Bxc4 Rxc4 23. Qd3 Rc5 24. a4 Nf6 25. Rfd1 g6 26. Qd2 Qh4 27. Rac1 Rxc1
28. Rxc1 h5 29. gxh5 Nxh5 30. Nxh5 Qxh5 31. Qg2 f5 32. Nd6 1-0

[Event "Campeonato Pan-Americano Sub-20 Absoluto"]
[Site "CXSP, São Paulo"]
[Date "2012.07.04"]
[Round "9.17"]
[White "Nolasco, Vitor"]
[Black "Garkauskas, Otto Dmitry"]
[Result "1/2-1/2"]
[WhiteElo "1918"]
[BlackElo "2086"]
[PlyCount "25"]
[EventDate "2012.06.29"]

1. e4 e6 2. d4 d5 3. Nc3 Nf6 4. e5 Nfd7 5. f4 c5 6. Nf3 Nc6 7. Be3 Be7 8. Qd2
a6 9. a4 O-O 10. Be2 f6 11. exf6 Bxf6 12. O-O b6 13. Rae1 1/2-1/2

[Event "Campeonato Pan-Americano Sub-20 Absoluto"]
[Site "CXSP, São Paulo"]
[Date "2012.07.04"]
[Round "9.19"]
[White "Gotz, Klaus Seiji Furucho"]
[Black "Sergio Filho, Claudio Santos"]
[Result "1-0"]
[WhiteElo "1975"]
[BlackElo "1920"]
[PlyCount "65"]
[EventDate "2012.06.29"]

1. d4 Nf6 2. c4 g6 3. Nc3 Bg7 4. e4 d6 5. Be2 O-O 6. Bg5 c6 7. Qd2 e5 8. d5 c5
9. g4 Qa5 10. f3 a6 11. a4 Nbd7 12. h4 Nb6 13. h5 Qb4 14. b3 h6 15. Be3 g5 16.
a5 Qxb3 17. axb6 Qxb6 18. Bd3 Bd7 19. Nge2 Qc7 20. Kf2 Rfb8 21. Ng3 b5 22. cxb5
c4 23. b6 Rxb6 24. Bxb6 Qxb6+ 25. Qe3 Qxe3+ 26. Kxe3 cxd3 27. Kxd3 Kf8 28. Rhb1
Bc8 29. Na4 Bd7 30. Nb6 Ra7 31. Nxd7+ Nxd7 32. Nf5 Nc5+ 33. Ke3 1-0

[Event "Campeonato Pan-Americano Sub-20 Absoluto"]
[Site "CXSP, São Paulo"]
[Date "2012.07.04"]
[Round "9.21"]
[White "Branchini, Fernando Luis Sakamo"]
[Black "Stone, Ronnie Frank Pires"]
[Result "1/2-1/2"]
[WhiteElo "1972"]
[BlackElo "1946"]
[PlyCount "42"]
[EventDate "2012.06.29"]

1. e4 c5 2. Nc3 Nc6 3. g3 g6 4. Bg2 Bg7 5. f4 d6 6. Nf3 e6 7. O-O Nge7 8. d3
O-O 9. Be3 Rb8 10. g4 h5 11. g5 Nd4 12. Qd2 b5 13. Nd1 b4 14. Nh4 Bb7 15. c3
bxc3 16. bxc3 Nb5 17. Rb1 Ba8 18. a4 Nc7 19. Rxb8 Qxb8 20. Qa2 Qb6 21. Rf2 Qa6
1/2-1/2

[Event "Campeonato Pan-Americano Sub-20 Absoluto"]
[Site "CXSP, São Paulo"]
[Date "2012.07.04"]
[Round "9.23"]
[White "Amato De Vercosa Cha, Joao Pedr"]
[Black "Cajahuanca Ramirez, Olindo"]
[Result "0-1"]
[WhiteElo "1851"]
[BlackElo "1865"]
[PlyCount "62"]
[EventDate "2012.06.29"]

1. e4 e6 2. Qe2 Nf6 3. d3 d5 4. e5 Nfd7 5. Nf3 c5 6. g3 Nc6 7. Bg2 Be7 8. h4 b6
9. Nc3 Qc7 10. Nb5 Qb8 11. Bf4 a6 12. Nd6+ Bxd6 13. exd6 b5 14. Ne5 Ncxe5 15.
Bxe5 Nxe5 16. Qxe5 O-O 17. h5 h6 18. Rh4 Ra7 19. Rg4 f6 20. Qe3 Qxd6 21. Qxh6
Qe5+ 22. Kd2 Qxb2 23. Rh1 c4 24. dxc4 bxc4 25. Qg6 c3+ 26. Ke1 Qb1+ 27. Ke2
Qb5+ 28. Kd1 e5 29. Rgh4 a5 30. h6 Ba6 31. Bxd5+ Qxd5+ 0-1